书目信息 |
| 题名: |
两汉长者研究
|
|
| 作者: | 匡长用 著 | |
| 分册: | ||
| 出版信息: | 北京 中央编译出版社 2020.03 |
|
| 页数: | 221页 | |
| 开本: | 24cm | |
| 丛书名: | 中国当代研究丛书 | |
| 单 册: | ||
| 中图分类: | D691.71 | |
| 科图分类: | ||
| 主题词: | 社会阶层--she hui jie ceng--研究--中国--汉代 | |
| 电子资源: | ||
| ISBN: | 978-7-5117-3807-3 | |
| 000 | 01273oam2 2200265 450 | |
| 001 | 2159517366 | |
| 005 | 20211011172912.0 | |
| 010 | @a978-7-5117-3807-3@b精装@dCNY78.00 | |
| 100 | @a20200425d2020 em y0chiy0110 ea | |
| 101 | 0 | @achi |
| 102 | @aCN@b110000 | |
| 105 | @ay z 000yy | |
| 106 | @ar | |
| 200 | 1 | @a两汉长者研究@Aliang han chang zhe yan jiu@f匡长用著 |
| 210 | @a北京@c中央编译出版社@d2020.03 | |
| 215 | @a221页@d24cm | |
| 225 | 2 | @a中国当代研究丛书@Azhong guo dang dai yan jiu cong shu@i文化 |
| 330 | @a从学术研究的角度,本书又可称为《两汉长者研究》,主要阐述了以下四个方面的内容:(1)论证了两汉长者的认定条件;(2)梳理了两汉长者群体修身齐家、爱国亲民、清正廉洁的政治理想、从政理念、家国情怀及实践,分析了其孕育、发展的社会因素,阐述了其发生、发展的历史进程;(3)分析了两汉长者对乡里基层社会在政治、经济、文化、教育领域深厚的影响力和控制力;(4)附表、摘录部分对两汉长者的出现频率、分布,及其出身、治学和任职情况作了精细统计,并对出现“长者”词语的史书片段进行了摘录、编排和批注。 | |
| 461 | 0 | @12001 @a中国当代研究丛书 |
| 462 | 0 | @12001 @a文化 |
| 606 | 0 | @a社会阶层@Ashe hui jie ceng@x研究@y中国@x汉代 |
| 690 | @aD691.71@v5 | |
| 701 | 0 | @a匡长用@Akuang chang yong@4著 |
| 801 | 0 | @aCN@b百万庄@c20211009 |
| 905 | @b1307920-23@dD691.71@e307@f4 | |
| 两汉长者研究/匡长用著.-北京:中央编译出版社,2020.03 |
| 221页;24cm.-(中国当代研究丛书.文化) |
| ISBN 978-7-5117-3807-3(精装):CNY78.00 |
| 从学术研究的角度,本书又可称为《两汉长者研究》,主要阐述了以下四个方面的内容:(1)论证了两汉长者的认定条件;(2)梳理了两汉长者群体修身齐家、爱国亲民、清正廉洁的政治理想、从政理念、家国情怀及实践,分析了其孕育、发展的社会因素,阐述了其发生、发展的历史进程;(3)分析了两汉长者对乡里基层社会在政治、经济、文化、教育领域深厚的影响力和控制力;(4)附表、摘录部分对两汉长者的出现频率、分布,及其出身、治学和任职情况作了精细统计,并对出现“长者”词语的史书片段进行了摘录、编排和批注。 |
| ● |
| 相关链接 |
|
|
|
|
正题名:两汉长者研究
索取号:D691.71/307
 
预约/预借
| 序号 | 登录号 | 条形码 | 馆藏地/架位号 | 状态 | 备注 |
| 1 | 1307920 | 213079201 | 第一样本阅览室/ [索取号:D691.71/307] | 在馆 | |
| 2 | 1307921 | 213079210 | 第一借阅区/ [索取号:D691.71/307] | 在馆 | |
| 3 | 1307922 | 213079229 | 第一借阅区/ [索取号:D691.71/307] | 在馆 | |
| 4 | 1307923 | 213079238 | 第一借阅区/ [索取号:D691.71/307] | 在馆 |